000 00823nam a2200241Ia 4500
003 OSt
005 20220923222836.0
006 a|||||r|||| 00| 0
007 ta
008 220922b |||||||| |||| 00| 0 hin d
024 _a208,390
037 _cTextual
040 _aARTS
_cARTS
_bhin
041 _2hin
_ahin
082 _aO152,3NTHI,TK, L7
100 _aथापर, रवीन्द्र
_9156272
245 0 _aटूटती कड़ी का जोड़
246 _aṬūṭatī kaड़ī kā joड़
260 _aइलाहाबाद
_b साहित्य भवन प्रा0लि0
_c1977
650 _aहिन्दी साहित्य
_9156264
942 _hO152,3NTHI,TK, L7
_cTEXL
_2CC
999 _c358986
_d358986